Normal view MARC view

Entry Personal Name

Number of records used in: 1

001 - CONTROL NUMBER

  • control field: 40137

003 - CONTROL NUMBER IDENTIFIER

  • control field: OSt

005 - DATE AND TIME OF LATEST TRANSACTION

  • control field: 20230825121016.0

008 - FIXED-LENGTH DATA ELEMENTS

  • fixed length control field: 230825|| aca||aabn | a|a d

040 ## - CATALOGING SOURCE

  • Original cataloging agency: OSt
  • Transcribing agency: OSt

100 ## - HEADING--PERSONAL NAME

  • Personal name: Joseph, Vanishree and Bhanja, Anjan K.

670 ## - SOURCE DATA FOUND

  • Source citation: Work cat.: (OSt)522551: Joseph, Vanishree and Bhanja, Anjan K. , Buying and selling of vote in local body elections: A case study of Telangana

Powered by Koha